Companion to planning in the global south / (Record no. 170742)

MARC details
000 -LEADER
fixed length control field 00717nam a2200217 4500
005 - DATE AND TIME OF LATEST TRANSACTION
control field 20191224122807.0
010 ## - LCCN (DPL NO)
LC control number ENG-127228
020 ## - INTERNATIONAL STANDARD BOOK NUMBER
International Standard Book Number 9789352872930
Terms of availability 1225.00
035 ## - SYSTEM CONTROL NUMBER
System control number EN-110760
037 ## - SOURCE OF ACQUISITION
Source of stock number/acquisition DBAD/PUB
082 ## - DEWEY DECIMAL CLASSIFICATION NUMBER
Classification number 307.126
245 ## - TITLE STATEMENT
Title Companion to planning in the global south /
Statement of responsibility, etc ed. by Gautam Bhan, Smita Srinivas [and] Vanessa Watson
260 ## - PUBLICATION, DISTRIBUTION, ETC. (IMPRINT)
Place of publication, distribution, etc Hyderabad
Name of publisher, distributor, etc Orient Blackwan
Date of publication, distribution, etc 2018
270 ## - ADDRESS
Address 3-6-752, Himayatnagar
City Hyderabad, Telangana
Postal code 500029
Electronic mail address centraloffice@orientblackswan.com
300 ## - PHYSICAL DESCRIPTION
Extent xviii;396p.
Dimensions 25cm(Hb)
500 ## - GENERAL NOTE
General note Includes index
700 ## - ADDED ENTRY--PERSONAL NAME
Personal name Bhan, Gautam
700 ## - ADDED ENTRY--PERSONAL NAME
Personal name Srinivas, Smita
700 ## - ADDED ENTRY--PERSONAL NAME
Personal name Watson, Vanessa
942 ## - ADDED ENTRY ELEMENTS (KOHA)
Source of classification or shelving scheme Dewey Decimal Classification
Item type English Books
Classification part 307.126
Call number suffix COM
Holdings
Withdrawn status Lost status Not for loan Collection code Home library Current library Date acquired Source of acquisition Cost, normal purchase price Full call number Barcode Copy number Cost, replacement price Koha item type
      Non-fiction Ashok Vihar Ashok Vihar 24/12/2019 DBAD/PUB 1225.00 307.126 COM EN-110760 1 1225.00 English Books

© Delhi Public Library
Hit Counter
free hit counter